000 01856nam a22002297a 4500
999 _c12955
_d12951
003 AR-BaUME
005 20230411174503.0
008 230411b ||||| |||| 00| 0 spa d
020 _a9789873957451
040 _aUMET Biblioteca
_bspa.
_cUMET Biblioteca
100 _aUlanovsky, Carlos
_922945
245 _a36.500 días de radio :
_bcien años, cien voces... y más /
_cCarlos Ulanovsky
250 _a1a ed.
260 _aCiudad Autónoma de Buenos Aires :
_bEditorial Octubre,
_c2020.
300 _a329 p. :
_bretrs., fot. byn ;
_c26 cm.
520 _aCada 27 de agosto, la “República de la Radio” se infla de orgullo, evoca a sus pioneros, recuerda a los muchos que desde 1920 supieron continuarla y abraza a los que, hasta hoy, siguen haciendo de ella el medio de comunicación mágico por excelencia. Cien años después, la radio sigue siendo motivadora e insustituible como transmisora de información al instante, entretenimiento, cultura y diversión. Este nuevo libro, desde el ejercicio de la memoria convoca a la nostalgia para explicar el presente, y desde la reseña de sus innovaciones tecnológicas extiende una contraseña al futuro. Pero, además, habla de formatos y contenidos, de mensajes y géneros, de muchas generaciones de figuras, de los locos de la azotea a los locos de la nube. Una detallada investigación, de rigor periodístico y documental, que relata con emoción y fidelidad su primer siglo y da cuenta de sus fenómenos más significativos. Damas, caballeros, y por qué no niños, suban el volumen y a festejar: la radio argentina cumple –bisiestos más, bisiestos menos– 36.500 días!!!
_cContratapa.
600 _aUlanovsky, Carlos
_922945
650 0 _98121
_aMedios de comunicación
650 0 _913372
_aRadiofonía
651 0 _93935
_aCiudad de Buenos Aires (Argentina)
942 _2udc
_cLIBRO